| 000 | 00619nam a2200241Ia 4500 | ||
|---|---|---|---|
| 003 | OSt | ||
| 005 | 20221005132213.0 | ||
| 006 | a|||||r|||| 00| 0 | ||
| 007 | ta | ||
| 008 | 221004b |||||||| |||| 00| 0 mal d | ||
| 024 | _a58950 | ||
| 037 | _cTextual | ||
| 040 |
_aCRL _cCRL _bmal |
||
| 041 |
_2mal _amal |
||
| 082 | _aV2:51.M5, 32K4 | ||
| 100 | _aMarx Karl Au. | ||
| 245 | 0 | _aThe first Indian war of independence | |
| 260 | _c1964 | ||
| 650 | _aHISTORY | ||
| 700 |
_a Engels Au. _9624880 |
||
| 942 |
_hV2:51.M5, 32K4 _cTEXL _2cc |
||
| 999 |
_c1062764 _d1062764 |
||